000 00600naa a2200217 i 4500
001 35036
003 ES-MaBCM
005 20241016103801.0
008 950606s1995 fra 000 0 fre d
021 _axx
035 _a(OCoLC)1365228833
040 _cES-MaBCM
041 0 _afre
043 _afra
245 0 3 _aLa ville objet politique, objet des politiques
520 _aNº monográfico
650 2 7 _aCiudad
_957920
651 4 _aFrancia
_9115364
773 0 _aEn:
_tRevue française de science politique
_dParis : 1995
_w104469
_gv. 45, nº 1, févr., p. 3-95. - Loc. S.51
942 _cAREV
999 _c35036
_d35036